20 joueurs de l’Olympique de Marseille (OM) par images - Statistiques

Statistiques générales
  • Ce quiz a été pris 320 fois
  • Le résultat moyen est 18 sur 20
Statistiques - réponses
Par images Réponse % Correct
Dimitri Payet
100%
Steve Mandanda
99%
Didier Deschamps
98%
Florian Thauvin
97%
William Saliba
97%
Mario Balotelli
96%
Pierre-Emerick Aubameyang
96%
André-Pierre Gignac
95%
Valentin Rongier
95%
Didier Drogba
94%
Fabien Barthez
94%
Jean-Pierre Papin
94%
Djibril Cissé
92%
Basile Boli
89%
Arkadiusz Milik
82%
Pierre-Emile Højbjerg
82%
Lassana Diarra
81%
Rolando
80%
César Azpilicueta
72%
Rudi Völler
68%
Aucun quiz correspondant
Distribution des résultats
% des personnes avec chaque résultat
Percentile par nombre de réponses
Votre historique - résultats
Vous n’avez pas pris ce quiz